Sports Quiz

Random Sports or Baseball Quiz
Score 0/8 Timer 05:00
0 Plays Today
Position Player % Correct
Second BaseCraig Biggio
100%
First BaseJeff Bagwell
99.1%
CatcherBrad Ausmus
85%
Left FieldJose Cruz
69.8%
Center FieldCesar Cedeno
59.1%
Right FieldTerry Puhl
38.6%
Third BaseDoug Rader
32.2%
ShortstopRoger Metzger
24.3%
Remove Ads.
Support Sporcle.
Get the best of Sporcle when you Go Orange. This ad-free experience offers more features, more stats, and more fun while also helping to support Sporcle. Thank you for becoming a member.

You're not logged in!

Compare scores with friends on all Sporcle quizzes.
OR
Log In

Show Comments

Extras

Top Quizzes Today


Score Distribution

Your Account Isn't Verified!

In order to create a playlist on Sporcle, you need to verify the email address you used during registration. Go to your Sporcle Settings to finish the process.

Report this User

Report this user for behavior that violates our Community Guidelines.

Details: